Políticas del sentido : los combates por la significación en la posmodernidad /

El autor aborda la subpolítica del sentido donde se libran los combates más sútiles y perdurables, sorteando expresamente las políticas mediáticas del sentido. También examina temas transversasl como enemigo, azar, izquirda, bien común e interés propio, imperialismo lingüístico, posmodernidad, entre...

Descripció completa

Guardat en:
Dades bibliogràfiques
Autor principal: González Alcantud, José Antonio (autor)
Format: Llibre
Idioma:espanyol
Publicat: Barcelona, España : Anthropos, 2000, c2000
Col·lecció:(Biblioteca A ; Sociedad) 39.
Matèries:
Etiquetes: Afegir etiqueta
Sense etiquetes, Sigues el primer a etiquetar aquest registre!

MARC

LEADER 00000nam^a2200000^a^4500
001 000136402
005 20250521000000.0
009 20260310095319.019
020 |a 84-7658-576-4 
037 |a Acervo ITESO - Biblioteca 
041 |a ESP 
082 |a 320. 01  |b GON 
100 |a González Alcantud, José Antonio  |e (autor) 
245 1 0 |a Políticas del sentido :  |b los combates por la significación en la posmodernidad / 
264 4 |a Barcelona, España :  |b Anthropos,  |c 2000, c2000 
300 |a 287 p. 
336 |a texto  |b txt  |2 rdacontenido 
337 |a sin mediación  |b n  |2 rdamedio 
338 |a volumen  |b nc  |2 rdasoporte 
440 1 |a (Biblioteca A ;  |v  39.  |p Sociedad) 
520 |a El autor aborda la subpolítica del sentido donde se libran los combates más sútiles y perdurables, sorteando expresamente las políticas mediáticas del sentido. También examina temas transversasl como enemigo, azar, izquirda, bien común e interés propio, imperialismo lingüístico, posmodernidad, entre otros. 
649 |a XX 
650 |a Cultura Política 
650 |a Izquierda, La 
650 |a Azar 
650 |a Causalidad 
650 |a Bien Común 
650 |a Interés Propio 
650 |a Imperialismo 
650 |a Lenguaje y Lenguas 
650 |a Semiótica 
650 |a Hermenéutica 
650 |a Semiótica y Política 
650 |a Filosofía Política 
650 |a Modernidad y Posmodernidad 
650 |a Filosofía del Siglo XX 
910 |a Fondo General 
920 |a Impresos - Libros 
930 |a Colección General 
905 |a 101 
901 |a 0500065138  |b IT1  |c ACC  |u 20250521 
902 |a https://opac.biblio.iteso.mx/vufind/Record/000136402